| 000 | 01262nam a2200265 4500 | ||
|---|---|---|---|
| 001 | 174481 | ||
| 003 | ES-MaACL | ||
| 005 | 20230906215537.0 | ||
| 008 | 100428s1977 sp a |||| |dspa d | ||
| 080 | _a75(438)"19"(064.3) | ||
| 245 | 0 | 0 |
_aPintura polaca contemporánea : _b[exposición] Salas del Museo Histórico Municipal, Valencia, abril, 1977 / _credacción del catálogo, María Matusinska. |
| 260 |
_aMadrid : _bDirección General del Patrimonio Artístico y Cultural : _bComisaría Nacional de Museos y Extensión Cultural, _c1977. |
||
| 300 |
_a110 p. : _bil. col. y n. ; _c25 cm. |
||
| 490 | 1 | _aPublicación del Patronato Nacional de Museos | |
| 505 | 8 | _aIncluye catálogo de publicaciones de la Dirección General del Patrimonio Artístico y Cultural (Patrimonio Nacional de Museos) | |
| 650 | 4 |
_aPintura polaca- _vExposiciones. _9142615 |
|
| 655 | 7 |
_2tgfbne _9193628 _aCatálogos de exposiciones |
|
| 700 | 1 |
_aMatusinska, María. _9142616 |
|
| 710 | 1 |
_aEspaña. _bComisaría Nacional de Museos y Extensión Cultural. _9142617 |
|
| 710 | 2 |
_aPatronato Nacional de Museos (España) _96192 |
|
| 830 | 1 |
_aPublicación del Patronato Nacional de Museos _9189429 |
|
| 852 | 4 |
_aES-MaACL _jC-57178 |
|
| 942 | _2udc | ||
| 999 |
_c174481 _d174481 |
||